[Event "BEL-ch op"]
[Site "Ghent"]
[Date "2000.??.??"]
[Round "8"]
[White "Peeren, Yen"]
[Black "Daneels, Bart"]
[Result "1-0"]
[WhiteElo "2005"]
[BlackElo "1735"]
[PlyCount "43"]
[EventDate "2000.07.??"]
[EventType "swiss"]
[EventRounds "9"]
[EventCountry "BEL"]
[SourceTitle "EXT 2002"]
[Source "ChessBase"]
[SourceDate "2001.11.25"]
[SourceVersion "1"]
[SourceVersionDate "2001.11.25"]
[SourceQuality "1"]

1. e4 e5 2. Nf3 Nc6 3. d4 exd4 4. Bc4 Be7 5. 0-0 d6 6. Nxd4 Ne5 7. Bb3 Bg4 8. f3 Bd7 9. f4 Ng6 10. e5 c5 11. e6 fxe6 12. Nxe6 Bxe6 13. Bxe6 Nf6 14. Nc3 Nf8 15. Bc4 a6 16. Nd5 Nxd5 17. Qxd5 Qc7 18. Qf7+ Kd7 19. f5 h6 20. Re1 Re8 21. Bf4 Qb8 22. Rad1 1-0